[Event "SF Katernberg 2 - SG Niederkassel 1"]
[Site "NRW-Klasse, Gruppe 1 2013/201"]
[Date "2013.12.08"]
[Round "4.2"]
[White "Rosen, Bernd"]
[Black "Riedel, Holger"]
[Result "1-0"]
[WhiteElo "2241"]
[BlackElo "2192"]
[PlyCount "49"]
[EventDate "2013.??.??"]
[WhiteTeam "SF Katernberg 2"]
[BlackTeam "SG Niederkassel 1"]

1. g3 d5 2. Nf3 Nc6 3. c4 e6 4. Bg2 Nf6 5. O-O Be7 6. b3 O-O 7. d4 Ne4 8. Bb2
f5 9. Nc3 b6 10. Rc1 Bb7 11. e3 Nxc3 12. Rxc3 Bb4 13. Rc2 Qe7 14. Qc1 Qd7 15.
c5 bxc5 16. a3 Na5 17. axb4 Nxb3 18. Qe1 c4 19. Nd2 Ba6 20. Bc3 Qa4 21. Qb1 Bb5
22. Ra2 Nxd2 23. Bxd2 Qb3 24. Qa1 a6 25. Bc3 1-0

[Event "SF Katernberg 2 - SG Niederkassel 1"]
[Site "NRW-Klasse, Gruppe 1 2013/201"]
[Date "2013.12.08"]
[Round "4.3"]
[White "Rybarczyk, Klaus"]
[Black "Villwock, Martin"]
[Result "1-0"]
[WhiteElo "2129"]
[BlackElo "2179"]
[PlyCount "75"]
[EventDate "2013.??.??"]
[WhiteTeam "SG Niederkassel 1"]
[BlackTeam "SF Katernberg 2"]

1. Nf3 c5 2. c4 Nc6 3. Nc3 e5 4. g3 g6 5. Bg2 Bg7 6. O-O Nge7 7. d3 d6 8. Ne1
O-O 9. Nc2 Be6 10. Ne3 Qd7 11. Ned5 f5 12. e3 Rae8 13. Rb1 Kh8 14. Bd2 g5 15.
f4 gxf4 16. gxf4 Ng6 17. Ne2 Rg8 18. Kh1 Nh4 19. Bh3 Ne7 20. Nec3 e4 21. Qh5
Nf3 22. Rbd1 Nxd2 23. Rxd2 Bxc3 24. Nxc3 exd3 25. b3 b5 26. Nxb5 d5 27. Rxd3
Qc6 28. e4 d4 29. Bg2 Rxg2 30. Kxg2 Ng6 31. Rg3 Bf7 32. Kg1 fxe4 33. Qh6 e3 34.
f5 e2 35. Re1 d3 36. Rxd3 Qf6 37. Rh3 Bg8 38. fxg6 1-0

[Event "SF Katernberg 2 - SG Niederkassel 1"]
[Site "NRW-Klasse, Gruppe 1 2013/201"]
[Date "2013.12.08"]
[Round "4.4"]
[White "Valkyser, Martin"]
[Black "Broehl, Stephan"]
[Result "1/2-1/2"]
[WhiteElo "2181"]
[BlackElo "2120"]
[PlyCount "112"]
[EventDate "2013.??.??"]
[WhiteTeam "SF Katernberg 2"]
[BlackTeam "SG Niederkassel 1"]

1. d4 d5 2. c4 c6 3. Nf3 Nf6 4. e3 Bg4 5. Nc3 e6 6. h3 Bh5 7. g4 Bg6 8. Ne5
Nbd7 9. Nxg6 hxg6 10. cxd5 exd5 11. Bg2 Bb4 12. Bd2 Qe7 13. Qc2 Nb6 14. O-O-O
O-O-O 15. Kb1 Nc4 16. Bc1 Bxc3 17. Qxc3 Ne4 18. Qc2 f5 19. f3 Nf6 20. e4 fxe4
21. g5 exf3 22. gxf6 Qb4 23. Qxg6 fxg2 24. Qxg2 gxf6 25. h4 Rde8 26. h5 Qe7 27.
Qf2 Nd6 28. h6 Qh7+ 29. Ka1 Ne4 30. Qh4 Reg8 31. Rdg1 b6 32. a3 Kb7 33. Bf4 Rg6
34. Rxg6 Qxg6 35. h7 Ng5 36. Bxg5 fxg5 37. Qh3 g4 38. Qh4 g3 39. Qe7+ Ka6 40.
Ka2 g2 41. Qe2+ Kb7 42. Rg1 Rxh7 43. Rxg2 Qe4 44. Qf2 Qd3 45. Rg1 Re7 46. Rc1
Qe3 47. Qf6 Qe6 48. Qf8 Qf7 49. Qh8 Qe8 50. Qf6 Re6 51. Qg5 a5 52. Rf1 b5 53.
Qg7+ Re7 54. Qh6 Rf7 55. Qg6 Re7 56. Qh6 Rf7 1/2-1/2

[Event "SF Katernberg 2 - SG Niederkassel 1"]
[Site "NRW-Klasse, Gruppe 1 2013/201"]
[Date "2013.12.08"]
[Round "4.5"]
[White "Bussard, Christian"]
[Black "Rosen, Willy"]
[Result "1-0"]
[WhiteElo "2105"]
[BlackElo "2183"]
[PlyCount "137"]
[EventDate "2013.??.??"]
[WhiteTeam "SG Niederkassel 1"]
[BlackTeam "SF Katernberg 2"]

1. e4 c5 2. Nf3 Nc6 3. d4 cxd4 4. Nxd4 Qb6 5. Nb3 Nf6 6. Nc3 e6 7. Bd3 Bb4 8.
O-O Bxc3 9. bxc3 O-O 10. Bg5 Ne8 11. Qe2 Qc7 12. f4 f6 13. Bh4 b6 14. Rad1 Bb7
15. Bg3 Rc8 16. h3 Ne7 17. Kh2 Ng6 18. Bb5 Rf7 19. Rd2 Nf8 20. Rfd1 Bc6 21. Ba6
Bb7 22. Bb5 Bc6 23. Ba6 Bb7 24. f5 Bxa6 25. Qxa6 e5 26. Rd3 d6 27. Bf2 Qc4 28.
Qxc4 Rxc4 29. Nd2 Ra4 30. Ra1 b5 31. Kg3 Rc7 32. Kf3 Nd7 33. g4 Kf8 34. h4 h6
35. Nf1 Rac4 36. Ne3 Rxc3 37. Nd5 Rxd3+ 38. cxd3 Rc2 39. Bxa7 Nc5 40. Bxc5 dxc5
41. a4 bxa4 42. Rxa4 Nd6 43. Ra8+ Kf7 44. Ra7+ Kf8 45. Nc7 c4 46. Ne6+ Ke8 47.
Nxg7+ Kd8 48. Ne6+ Ke8 49. Ra3 cxd3 50. Rxd3 Ke7 51. Ra3 Rh2 52. Ra7+ Ke8 53.
Ng7+ Kd8 54. Nh5 Rh3+ 55. Kg2 Re3 56. Nxf6 Nxe4 57. Nxe4 Rxe4 58. Kg3 Re3+ 59.
Kg2 Re2+ 60. Kf3 Rh2 61. h5 Rh1 62. Ra5 Re1 63. Ra4 Rf1+ 64. Ke2 Rb1 65. Ra6
Rb2+ 66. Kf3 Rb3+ 67. Kg2 Rb2+ 68. Kg3 Rb3+ 69. Kh4 1-0

[Event "SF Katernberg 2 - SG Niederkassel 1"]
[Site "NRW-Klasse, Gruppe 1 2013/201"]
[Date "2013.12.08"]
[Round "4.6"]
[White "Wessendorf, Thomas"]
[Black "Schracke, Guido"]
[Result "1-0"]
[WhiteElo "2181"]
[BlackElo "2083"]
[PlyCount "103"]
[EventDate "2013.??.??"]
[WhiteTeam "SF Katernberg 2"]
[BlackTeam "SG Niederkassel 1"]

1. e4 c5 2. Nf3 Nc6 3. d4 cxd4 4. Nxd4 e5 5. Nb5 a6 6. Nd6+ Bxd6 7. Qxd6 Qf6 8.
Qd1 Qg6 9. Nc3 Nge7 10. h4 h5 11. Bg5 d5 12. exd5 Nb4 13. Bxe7 Kxe7 14. d6+ Kd8
15. Bd3 Nxd3+ 16. Qxd3 Qxd3 17. cxd3 Bf5 18. Nd5 Bxd3 19. Nb6 Rb8 20. Rc1 Rh6
21. Rh3 Rxd6 22. Rd1 e4 23. Nc4 Re6 24. Rg3 g6 25. Rg5 Ke7 26. Ne3 Rc8 27. Nd5+
Kf8 28. Nc3 b5 29. a3 Kg7 30. Rd5 Rc4 31. Rd7 b4 32. axb4 Rxb4 33. Rd2 Re5 34.
Rd6 Rc4 35. Rb6 Rcc5 36. Rd1 Rf5 37. Rb4 Rce5 38. Rd4 Bc2 39. Rc1 Bd3 40. Nd1
Rf4 41. g3 Rf3 42. Rc8 Ra5 43. Rdd8 Ra1 44. Kd2 e3+ 45. Nxe3 Bb5 46. Nd1 Kf6
47. Rd4 Ke5 48. Rcd8 Ba4 49. Nc3 Bb3 50. Ke2 Rf5 51. Ne4 Ke6 52. Re8# 1-0

[Event "SF Katernberg 2 - SG Niederkassel 1"]
[Site "NRW-Klasse, Gruppe 1 2013/201"]
[Date "2013.12.08"]
[Round "4.7"]
[White "Dierkes, Tobias"]
[Black "Gassmann, Volker"]
[Result "1/2-1/2"]
[WhiteElo "2071"]
[BlackElo "2146"]
[Annotator "Doe,John"]
[PlyCount "109"]
[EventDate "2013.??.??"]
[WhiteTeam "SG Niederkassel 1"]
[BlackTeam "SF Katernberg 2"]

1. d4 e6 2. c4 Bb4+ 3. Bd2 c5 4. Nf3 Nf6 5. Nc3 O-O 6. dxc5 Bxc5 7. e3 d5 8.
cxd5 exd5 9. Be2 Nc6 10. O-O Ne4 11. Be1 Be6 12. a3 Rc8 13. Nb5 Qf6 14. Nbd4
Nxd4 15. Nxd4 Bxd4 16. exd4 Rc6 17. f3 Nd6 18. Bc3 Qg6 19. Re1 Rfc8 20. Bd3 Bf5
21. Bxf5 Nxf5 22. Re5 Re6 23. Rxe6 Qxe6 24. Qd3 g6 25. Re1 Qd7 26. g4 Nd6 27.
Bb4 Re8 28. Rxe8+ Nxe8 29. Qe3 f6 30. Kf2 b6 31. Qh6 Qg7 32. Qf4 Qd7 33. Qb8
Kf7 34. Bd2 Qc7 35. Qxc7+ Nxc7 36. a4 Ne6 37. Ke3 Ke7 38. Bb4+ Kd7 39. b3 $11
a6 40. Be1 Nd8 41. Bh4 Ke6 42. Bg3 Nc6 43. Be1 b5 44. axb5 axb5 45. Bd2 f5 46.
Kd3 fxg4 47. fxg4 h5 48. h3 hxg4 49. hxg4 Kf6 50. Be3 Ke6 51. Bd2 Kf6 52. Be3
Ke7 53. Bg5+ Kd7 54. Bf4 Nd8 55. Bd2 1/2-1/2

[Event "SF Katernberg 2 - SG Niederkassel 1"]
[Site "NRW-Klasse, Gruppe 1 2013/201"]
[Date "2013.12.08"]
[Round "4.8"]
[White "Imcke, Patrick"]
[Black "Guelsen, Taylan"]
[Result "1-0"]
[WhiteElo "2045"]
[BlackElo "1986"]
[PlyCount "69"]
[EventDate "2013.??.??"]
[WhiteTeam "SF Katernberg 2"]
[BlackTeam "SG Niederkassel 1"]

1. e4 Nc6 2. d4 e5 3. dxe5 Nxe5 4. Nc3 Bc5 5. f4 Nc6 6. Nf3 d6 7. Na4 Bb4+ 8.
c3 Ba5 9. b4 Bb6 10. Nxb6 axb6 11. Bd3 Be6 12. f5 Bd7 13. O-O Ne5 14. Nxe5 dxe5
15. b5 h5 16. Bc4 Qe7 17. Kh1 Nf6 18. Bg5 Rd8 19. Qe2 Bc8 20. a4 Rd6 21. Rfd1
Qd7 22. Rxd6 Qxd6 23. Rd1 Qe7 24. Qa2 Kf8 25. Bxf6 Qxf6 26. Bxf7 g5 27. Bb3 g4
28. Qe2 Kg7 29. Qc4 h4 30. Qxc7+ Kh6 31. Rd6 Kg5 32. Rxf6 Kxf6 33. Qd6+ Kg5 34.
Qxe5 Rd8 35. Qe7+ 1-0

[Event "SG Bochum 2 - Südlohner SV 1"]
[Site "NRW-Klasse, Gruppe 1 2013/201"]
[Date "2013.12.08"]
[Round "4.2"]
[White "Dahm, Jochen"]
[Black "Kolakovic, Klaudio"]
[Result "1-0"]
[WhiteElo "2248"]
[BlackElo "1990"]
[PlyCount "75"]
[EventDate "2013.??.??"]
[WhiteTeam "SG Bochum 2"]
[BlackTeam "Südlohner SV 1"]

1. Nf3 Nf6 2. c4 d6 3. g3 g6 4. b4 Bg7 5. Bb2 O-O 6. Bg2 a5 7. b5 Nbd7 8. O-O
e5 9. Nc3 Nc5 10. Na4 Nfd7 11. d4 exd4 12. Bxd4 Bxd4 13. Nxd4 Nxa4 14. Qxa4 Nc5
15. Qa3 Re8 16. Rad1 Qe7 17. Nb3 Nxb3 18. axb3 Qxe2 19. b6 cxb6 20. Qa4 Qe7 21.
Qb5 Bg4 22. Rd4 Bd7 23. Qxb6 Qd8 24. Rxd6 Qxb6 25. Rxb6 Bc6 26. Rxc6 bxc6 27.
Bxc6 Red8 28. Bxa8 Rxa8 29. Ra1 Rb8 30. Ra3 Kf8 31. Kf1 Rb4 32. Ke2 a4 33. bxa4
Rxc4 34. a5 Rc7 35. a6 Ra7 36. Kd3 Ke7 37. Kc4 Kd7 38. Kb5 1-0

[Event "SG Bochum 2 - Südlohner SV 1"]
[Site "NRW-Klasse, Gruppe 1 2013/201"]
[Date "2013.12.08"]
[Round "4.3"]
[White "Darwisch, Khaled"]
[Black "Tkachuk, Konstantyn"]
[Result "0-1"]
[WhiteElo "1980"]
[BlackElo "2236"]
[Annotator "Doe,John"]
[PlyCount "86"]
[EventDate "2013.??.??"]
[WhiteTeam "Südlohner SV 1"]
[BlackTeam "SG Bochum 2"]

1. e4 c5 2. Nf3 d6 3. d4 cxd4 4. Nxd4 Nf6 5. Nc3 g6 6. Be2 Bg7 7. Be3 O-O 8.
O-O Nc6 9. Bf3 Ne5 10. h3 Nc4 11. Bc1 Qb6 12. Nb3 Be6 13. a4 a5 14. Nb5 Rfd8
15. N3d4 Bd7 16. b3 Bxb5 17. Nxb5 Ne5 18. c4 Nxf3+ 19. Qxf3 Qc6 20. Bb2 Qxe4
21. Qxe4 Nxe4 22. Bxg7 Kxg7 23. Rfe1 Nc5 24. Rxe7 $11 Kf8 25. Re3 Re8 26. Rae1
Rxe3 27. Rxe3 Re8 28. Rxe8+ Kxe8 29. Nd4 Ke7 30. Kf1 d5 31. cxd5 Kd6 32. Ke2
Kxd5 33. Ke3 f6 34. f3 g5 35. g3 Ke5 36. Nb5 Nxb3 37. Nc3 Nc5 38. f4+ gxf4+ 39.
gxf4+ Kf5 40. Kd4 Ne6+ 41. Ke3 Nxf4 42. Ne4 Ke5 43. Nc5 Nd5+ 0-1

[Event "SG Bochum 2 - Südlohner SV 1"]
[Site "NRW-Klasse, Gruppe 1 2013/201"]
[Date "2013.12.08"]
[Round "4.4"]
[White "Schlawin, Marlon"]
[Black "Doennebrink, Elmar"]
[Result "1-0"]
[WhiteElo "2234"]
[BlackElo "2044"]
[PlyCount "51"]
[EventDate "2013.??.??"]
[WhiteTeam "SG Bochum 2"]
[BlackTeam "Südlohner SV 1"]

1. e4 c5 2. Nf3 d6 3. c3 Nf6 4. Be2 Nc6 5. d3 g6 6. O-O Bg7 7. Nbd2 O-O 8. Re1
b5 9. d4 b4 10. Bb5 bxc3 11. bxc3 Bd7 12. dxc5 dxc5 13. Ba3 Qa5 14. Qa4 Qxc3
15. Rac1 Qa5 16. Qxa5 Nxa5 17. Rxc5 Nb7 18. Re5 Bxb5 19. Rxb5 Nd6 20. Rb3 Nd7
21. e5 Nc8 22. Rb7 Rd8 23. Nf1 Kf8 24. e6 fxe6 25. Ng5 Nd6 26. Nxe6+ 1-0

[Event "SG Bochum 2 - Südlohner SV 1"]
[Site "NRW-Klasse, Gruppe 1 2013/201"]
[Date "2013.12.08"]
[Round "4.5"]
[White "Hater, Wolfgang"]
[Black "Kitte, Sebastian"]
[Result "1-0"]
[WhiteElo "2056"]
[BlackElo "2248"]
[PlyCount "71"]
[EventDate "2013.??.??"]
[WhiteTeam "Südlohner SV 1"]
[BlackTeam "SG Bochum 2"]

1. e4 c5 2. Nf3 e6 3. Be2 Nc6 4. O-O Nf6 5. d3 d5 6. Nbd2 Be7 7. c3 O-O 8. Re1
b5 9. Bf1 b4 10. e5 Nd7 11. c4 Nb6 12. Nb3 a5 13. Bf4 a4 14. Nbd2 f6 15. Bg3 f5
16. cxd5 Nxd5 17. h3 a3 18. bxa3 Rxa3 19. Nc4 Ra7 20. a3 Ba6 21. Qb3 Qa8 22.
axb4 cxb4 23. Nd6 Rd8 24. Rac1 h6 25. Rc5 f4 26. Rxd5 exd5 27. Qxd5+ Kh7 28.
Qe4+ g6 29. Qxf4 Nxe5 30. Nf7 Nxf3+ 31. gxf3 Bg5 32. Nxg5+ hxg5 33. Qxg5 Qd5
34. Be5 Rb7 35. Re4 Rf7 36. Rh4+ 1-0

[Event "SG Bochum 2 - Südlohner SV 1"]
[Site "NRW-Klasse, Gruppe 1 2013/201"]
[Date "2013.12.08"]
[Round "4.6"]
[White "Kahleys, Kevin"]
[Black "Boecker, Manfred"]
[Result "1/2-1/2"]
[WhiteElo "2223"]
[BlackElo "1870"]
[Annotator "Doe,John"]
[PlyCount "91"]
[EventDate "2013.??.??"]
[WhiteTeam "SG Bochum 2"]
[BlackTeam "Südlohner SV 1"]

1. Nf3 Nf6 2. d4 e6 3. g3 b6 4. Bg2 Bb7 5. O-O Be7 6. c4 O-O 7. Nc3 Ne4 8. Qc2
f5 9. Rd1 Nxc3 10. Qxc3 d6 11. a3 Be4 12. Ne1 Bxg2 13. Nxg2 Bf6 14. Qf3 Nd7 15.
d5 Ne5 16. Qb3 exd5 17. cxd5 a5 18. Nf4 Nd7 19. Be3 Rf7 20. Rac1 Nc5 21. Qb5 a4
$11 22. Bxc5 bxc5 23. Rc4 Qd7 24. Qxd7 Rxd7 25. Rb1 Re7 26. Kf1 g5 27. Nh5 Bh8
28. b4 axb3 29. Rxb3 Kf7 30. g4 f4 31. h4 h6 32. hxg5 hxg5 33. e3 fxe3 34. fxe3
Be5 35. a4 Kg6 36. Ke2 Rf7 37. Rb5 Raf8 38. a5 Rf2+ 39. Kd3 Ra2 40. Rb7 Rf3 41.
Ke4 Rh3 42. Rb8 Ra3 43. Rg8+ Kf7 44. Rc8 Kg6 45. Rg8+ Kf7 46. Rc8 1/2-1/2

[Event "SG Bochum 2 - Südlohner SV 1"]
[Site "NRW-Klasse, Gruppe 1 2013/201"]
[Date "2013.12.08"]
[Round "4.7"]
[White "Schmeing, Walter"]
[Black "Mazarov, Juergen"]
[Result "1/2-1/2"]
[WhiteElo "1984"]
[BlackElo "2126"]
[PlyCount "74"]
[EventDate "2013.??.??"]
[WhiteTeam "Südlohner SV 1"]
[BlackTeam "SG Bochum 2"]

1. e4 c5 2. Nf3 d6 3. d4 cxd4 4. Nxd4 Nf6 5. Nc3 a6 6. Bg5 e6 7. f4 Be7 8. Qf3
Nbd7 9. O-O-O h6 10. Bh4 Qc7 11. Bd3 g5 12. fxg5 Ne5 13. Qe2 Nfg4 14. Kb1 hxg5
15. Bg3 Bd7 16. Qd2 O-O-O 17. h3 Nf6 18. Be2 Rhg8 19. Rdf1 Bc6 20. Nxc6 Qxc6
21. Qd4 Nfd7 22. a3 Bf8 23. Rd1 Kc7 24. Na2 Bg7 25. Nb4 Qc5 26. Qd2 Qb6 27. c3
Nc5 28. Bf2 Kb8 29. Qc2 a5 30. Nd3 Qc6 31. Nxc5 dxc5 32. Bg3 Kc8 33. Rhf1 Rxd1+
34. Rxd1 Rd8 35. Rxd8+ Kxd8 36. Bxe5 Bxe5 37. Bf3 Qd6 1/2-1/2

[Event "SK Königsspringer Iserlohn 1 - PSV Duis"]
[Site "NRW-Klasse, Gruppe 1 2013/201"]
[Date "2013.12.08"]
[Round "4.1"]
[White "Fleck, Juergen"]
[Black "Scheider, Julian"]
[Result "0-1"]
[WhiteElo "2325"]
[BlackElo "2262"]
[PlyCount "80"]
[EventDate "2013.??.??"]
[WhiteTeam "PSV Duisburg 1"]
[BlackTeam "SK Königsspringer Iserlohn 1"]

1. e4 c6 2. d4 d5 3. e5 Bf5 4. Nd2 e6 5. Nb3 Nd7 6. Nf3 Ne7 7. Be2 Nc8 8. O-O
Be7 9. a4 O-O 10. a5 a6 11. Be3 Na7 12. Ne1 Nb5 13. Nd3 Rc8 14. Qd2 Bxd3 15.
Bxd3 c5 16. Nxc5 Nxc5 17. dxc5 d4 18. Bf4 Rxc5 19. Qe2 Qc7 20. Rfe1 Rd8 21. Bd2
Na7 22. Qe4 g6 23. f4 Nc6 24. b3 Rcd5 25. Bc4 R5d7 26. Ra4 Bf8 27. h4 Ne7 28.
g4 Nd5 29. f5 Nc3 30. Bxc3 dxc3 31. fxe6 Qc5+ 32. Qe3 Rd4 33. Kh2 Kh8 34. exf7
Rd2+ 35. Kh3 Qc6 36. Qe4 Qc5 37. Qe3 Qc6 38. Qe4 Qxe4 39. Rxe4 Rxc2 40. Be6
Rd3+ 0-1

[Event "SK Königsspringer Iserlohn 1 - PSV Duis"]
[Site "NRW-Klasse, Gruppe 1 2013/201"]
[Date "2013.12.08"]
[Round "4.2"]
[White "Schmuecker, Marcus"]
[Black "Schiffer, Kai-Uwe"]
[Result "1-0"]
[WhiteElo "2188"]
[BlackElo "2219"]
[Annotator "Doe,John"]
[PlyCount "63"]
[EventDate "2013.??.??"]
[WhiteTeam "SK Königsspringer Iserlohn 1"]
[BlackTeam "PSV Duisburg 1"]

1. Nf3 d5 2. d4 e6 3. c4 c5 4. cxd5 exd5 5. g3 Nf6 6. Bg2 Be7 7. O-O O-O 8. Nc3
Nc6 9. b3 Re8 10. Bb2 Bg4 11. Rc1 cxd4 12. Nxd4 Qd7 13. Nxc6 bxc6 14. Qd2 Bb4
15. Qf4 Bxc3 16. Bxc3 Bxe2 17. Rfe1 Qg4 18. Bxf6 Qxf4 19. gxf4 gxf6 20. Rxc6 d4
21. Rd6 d3 22. Bxa8 Rxa8 23. Rc1 Re8 24. Kg2 Re6 25. Rcc6 Kg7 26. Rxe6 fxe6 27.
Rd6 Kf7 $11 28. f5 Ke7 29. Rd4 e5 30. Rd5 a5 31. f3 Kf7 32. Kf2 1-0

[Event "SK Königsspringer Iserlohn 1 - PSV Duis"]
[Site "NRW-Klasse, Gruppe 1 2013/201"]
[Date "2013.12.08"]
[Round "4.3"]
[White "Schmitz, Joachim"]
[Black "Eckardt, Joshua"]
[Result "1/2-1/2"]
[WhiteElo "2232"]
[BlackElo "2047"]
[PlyCount "35"]
[EventDate "2013.??.??"]
[WhiteTeam "PSV Duisburg 1"]
[BlackTeam "SK Königsspringer Iserlohn 1"]

1. Nf3 Nf6 2. c4 Nc6 3. Nc3 e5 4. g3 d5 5. cxd5 Nxd5 6. Bg2 Nb6 7. O-O Be7 8.
d3 O-O 9. a3 Be6 10. b4 a5 11. b5 Nd4 12. Rb1 f6 13. Nd2 Qc8 14. e3 Nf5 15. Qc2
Rd8 16. Rd1 a4 17. Bb2 Nd6 18. Re1 1/2-1/2

[Event "SK Königsspringer Iserlohn 1 - PSV Duis"]
[Site "NRW-Klasse, Gruppe 1 2013/201"]
[Date "2013.12.08"]
[Round "4.4"]
[White "Franke, Thomas"]
[Black "Wengenroth, Walter"]
[Result "0-1"]
[WhiteElo "2055"]
[BlackElo "2207"]
[Annotator "Doe,John"]
[PlyCount "114"]
[EventDate "2013.??.??"]
[WhiteTeam "SK Königsspringer Iserlohn 1"]
[BlackTeam "PSV Duisburg 1"]

1. e4 c5 2. c3 Nf6 3. e5 Nd5 4. d4 cxd4 5. Nf3 e6 6. cxd4 d6 7. Bc4 Nb6 8. Bd3
dxe5 9. dxe5 N8d7 10. O-O Nc5 11. Bb5+ Bd7 12. Nc3 a6 13. Bg5 Be7 14. Bxd7+
Qxd7 15. Qe2 $11 Qd3 16. Rfe1 h6 17. Be3 Qxe2 18. Rxe2 Rc8 19. Rd1 O-O 20. Kf1
Rfd8 21. Red2 Rxd2 22. Nxd2 Nba4 23. Nxa4 Nxa4 24. Ne4 Rc4 25. Rd7 Rxe4 26.
Rxe7 Nxb2 27. Rxb7 Nc4 28. Ra7 Nxe3+ 29. fxe3 Ra4 30. Kf2 Rxa2+ 31. Kf3 a5 32.
h4 h5 33. g4 hxg4+ 34. Kxg4 g6 35. h5 gxh5+ 36. Kxh5 Kg7 37. Kg4 a4 38. Kf3 Ra1
39. Kg2 Kg6 40. Kh2 a3 41. Kg2 a2 42. e4 Kg5 43. Kh2 Kf4 44. Rxf7+ Kxe5 45. Ra7
Kxe4 46. Ra4+ Kd3 47. Ra3+ Kc4 48. Ra8 e5 49. Rc8+ Kd3 50. Rd8+ Ke3 51. Ra8 e4
52. Kg2 Ke2 53. Ra7 e3 54. Ra8 Kd3 55. Rd8+ Kc4 56. Rc8+ Kb5 57. Rb8+ Kc6 0-1

[Event "SK Königsspringer Iserlohn 1 - PSV Duis"]
[Site "NRW-Klasse, Gruppe 1 2013/201"]
[Date "2013.12.08"]
[Round "4.5"]
[White "Maslak, Sulejman"]
[Black "Messarius, Juergen"]
[Result "0-1"]
[WhiteElo "2245"]
[BlackElo "2166"]
[PlyCount "80"]
[EventDate "2013.??.??"]
[WhiteTeam "PSV Duisburg 1"]
[BlackTeam "SK Königsspringer Iserlohn 1"]

1. c4 f5 2. Nc3 Nf6 3. g3 g6 4. Bg2 Bg7 5. d4 d6 6. e3 O-O 7. Nge2 c6 8. O-O
Qe8 9. b3 Na6 10. Ba3 Nc7 11. Rc1 g5 12. Qd2 Qh5 13. f3 Bh6 14. d5 c5 15. f4
Bd7 16. fxg5 Qxg5 17. Nf4 b5 18. cxb5 Nxb5 19. Nxb5 Bxb5 20. Rfe1 Ng4 21. Ne6
Qxe3+ 22. Rxe3 Bxe3+ 23. Qxe3 Nxe3 24. Bf3 Rfc8 25. Rc3 Ng4 26. Bc1 Ne5 27. Bg5
c4 28. Bg2 cxb3 29. Rxb3 Bc4 30. Rb2 Rab8 31. Rd2 Ng4 32. Rd1 Rb2 33. h3 Ne5
34. Nd4 Rxa2 35. Nxf5 Rb8 36. Bxe7 Rbb2 37. Be4 Bd3 38. Nxd6 Bxe4 39. Nxe4 Nf3+
40. Kf1 Rh2 0-1

[Event "SK Königsspringer Iserlohn 1 - PSV Duis"]
[Site "NRW-Klasse, Gruppe 1 2013/201"]
[Date "2013.12.08"]
[Round "4.6"]
[White "Klauke, Stefan"]
[Black "Heisel, Guido"]
[Result "1/2-1/2"]
[WhiteElo "2059"]
[BlackElo "2094"]
[Annotator "Doe,John"]
[PlyCount "101"]
[EventDate "2013.??.??"]
[WhiteTeam "SK Königsspringer Iserlohn 1"]
[BlackTeam "PSV Duisburg 1"]

1. d4 g6 2. Nc3 Bg7 3. Bf4 d6 4. Qd2 Nc6 5. e3 e5 6. dxe5 Nxe5 7. Be2 Bd7 8.
Nf3 Bc6 9. O-O-O Nxf3 10. gxf3 Nf6 11. e4 Nd7 12. h4 h5 13. Bg5 Bf6 14. f4 Nc5
15. Bc4 Bxg5 16. hxg5 Qe7 17. Qd4 O-O-O 18. Rhe1 Kb8 19. Bd5 Bd7 20. f3 c6 21.
Bxf7 Qxf7 22. Qxd6+ Kc8 23. Qxc5 Qxf4+ 24. Kb1 b6 25. Qe3 Rhf8 26. Qxf4 Rxf4
27. Rd6 Be8 28. Rf6 Rxf6 29. gxf6 Bf7 30. Kc1 h4 31. e5 Be6 32. Ne4 Kd7 33. Ng5
Bd5 34. b3 b5 35. Kd2 h3 36. Nxh3 Bxf3 $11 37. Nf4 g5 38. Nd3 Ke6 39. Ke3 Bd5
40. Kf2 Kf5 41. Kg3 a5 42. Re2 Re8 43. Rh2 Kg6 44. a3 Be4 45. Re2 Bd5 46. Nf2
Kf5 47. Ng4 Be6 48. Rh2 Rd8 49. Rh7 Rd4 50. Ne3+ Kxe5 51. Rc7 1/2-1/2

[Event "SK Königsspringer Iserlohn 1 - PSV Duis"]
[Site "NRW-Klasse, Gruppe 1 2013/201"]
[Date "2013.12.08"]
[Round "4.7"]
[White "Sponheim, Marko"]
[Black "Kramps, Rene"]
[Result "1/2-1/2"]
[WhiteElo "2040"]
[BlackElo "2068"]
[PlyCount "48"]
[EventDate "2013.??.??"]
[WhiteTeam "PSV Duisburg 1"]
[BlackTeam "SK Königsspringer Iserlohn 1"]

1. e4 g6 2. d4 Bg7 3. Nc3 c6 4. Nf3 d5 5. h3 dxe4 6. Nxe4 Nf6 7. Nxf6+ Bxf6 8.
Bh6 Qb6 9. Rb1 Na6 10. b4 Bf5 11. b5 Nc7 12. bxc6 Qxc6 13. Bd3 Be4 14. O-O Bxf3
15. gxf3 Qd5 16. Be4 Qh5 17. Rxb7 Qxh6 18. Rxc7 Rd8 19. c3 O-O 20. Kg2 Qg5+ 21.
Kh1 Qh4 22. Kg2 Qg5+ 23. Kh1 Qh4 24. Kg2 Qg5+ 1/2-1/2

[Event "SK Königsspringer Iserlohn 1 - PSV Duis"]
[Site "NRW-Klasse, Gruppe 1 2013/201"]
[Date "2013.12.08"]
[Round "4.8"]
[White "Schwanbeck, Christoph"]
[Black "Spitzer, Erwin"]
[Result "1-0"]
[WhiteElo "2015"]
[BlackElo "1963"]
[PlyCount "133"]
[EventDate "2013.??.??"]
[WhiteTeam "SK Königsspringer Iserlohn 1"]
[BlackTeam "PSV Duisburg 1"]

1. Nf3 Nf6 2. d4 d5 3. Bf4 g6 4. e3 Bg7 5. c4 c6 6. Nc3 e6 7. Qb3 O-O 8. Be2
dxc4 9. Bxc4 b5 10. Be2 a5 11. O-O a4 12. Qc2 Bb7 13. Rac1 Nd5 14. Nxd5 exd5
15. Ne5 Re8 16. Bg4 f5 17. Be2 Re6 18. Nf3 Nd7 19. h4 Qf8 20. Bd3 h6 21. h5 Nf6
22. hxg6 Ne4 23. Ne5 Bxe5 24. Bxe5 Rxg6 25. f3 Nd6 26. e4 Nc4 27. Bxc4 dxc4 28.
exf5 Rg5 29. f6 Bc8 30. f4 Bf5 31. fxg5 Bxc2 32. Rxc2 Kf7 33. g6+ Kxg6 34. Rc3
Kf7 35. Rg3 b4 36. Rg7+ Ke6 37. f7 Kd5 38. Rg4 Ra7 39. Bg7 Qxf7 40. Rxf7 Rxf7
41. Bxh6 Rb7 42. Bd2 a3 43. bxa3 b3 44. axb3 Rxb3 45. a4 c3 46. Bxc3 Rxc3 47.
Kf2 Ra3 48. a5 Kc4 49. Rg6 Kxd4 50. Rxc6 Rxa5 51. Kf3 Ke5 52. Kg4 Ra8 53. Rg6
Ra2 54. Kh5 Kf4 55. g3+ Kf3 56. g4 Rh2+ 57. Kg5 Rg2 58. Kf5 Kg3 59. Kg5 Rb2 60.
Kh6 Kf4 61. g5 Rh2+ 62. Kg7 Rh5 63. Kf6 Kg4 64. Rg8 Rh1 65. g6 Ra1 66. Re8 Kh5
67. g7 1-0

[Event "Bielefelder SK 1 - Elberfelder SG 1"]
[Site "NRW-Klasse, Gruppe 1 2013/201"]
[Date "2013.12.08"]
[Round "4.1"]
[White "Odendahl, Reiner"]
[Black "Malcher, Werner"]
[Result "1/2-1/2"]
[WhiteElo "2252"]
[BlackElo "2322"]
[PlyCount "30"]
[EventDate "2013.??.??"]
[WhiteTeam "Elberfelder SG 1"]
[BlackTeam "Bielefelder SK 1"]

1. Nf3 c5 2. c4 Nf6 3. g3 e6 4. Bg2 Nc6 5. O-O d5 6. cxd5 Nxd5 7. Nc3 Be7 8.
Nxd5 exd5 9. d4 O-O 10. dxc5 Bxc5 11. Bg5 Qd7 12. Bd2 Rd8 13. Rc1 Qe7 14. e3
Bg4 15. Qc2 Bb6 1/2-1/2

[Event "Bielefelder SK 1 - Elberfelder SG 1"]
[Site "NRW-Klasse, Gruppe 1 2013/201"]
[Date "2013.12.08"]
[Round "4.2"]
[White "Forchert, Martin"]
[Black "Hintze, Helge"]
[Result "1-0"]
[WhiteElo "2254"]
[BlackElo "2285"]
[PlyCount "145"]
[EventDate "2013.??.??"]
[WhiteTeam "Bielefelder SK 1"]
[BlackTeam "Elberfelder SG 1"]

1. e4 e6 2. d4 d5 3. Nd2 Nf6 4. e5 Nfd7 5. Bd3 c5 6. c3 Nc6 7. Ne2 cxd4 8. cxd4
f6 9. exf6 Nxf6 10. Nf3 Qc7 11. Bf4 Bb4+ 12. Bd2 Bd6 13. Rc1 O-O 14. b4 a6 15.
a4 Qb6 16. b5 Nb4 17. Bb1 axb5 18. axb5 Qxb5 19. O-O Bd7 20. Bf4 Qa6 21. Re1
Ne4 22. Bxd6 Ba4 23. Bxb4 Bxd1 24. Rcxd1 Rf6 25. Bd3 Qb6 26. Rb1 Qd8 27. Rb2
Qe8 28. Ng3 Rxf3 29. gxf3 Ng5 30. Kg2 Qf7 31. Be2 Qf4 32. Rd1 Qh4 33. Be7 Qh3+
34. Kh1 Nf7 35. Rxb7 e5 36. Rdb1 Qc8 37. dxe5 Ra1 38. Rxa1 Qxb7 39. Bc5 Nxe5
40. Ra7 Qb1+ 41. Kg2 Ng6 42. Ra8+ Kf7 43. Ra7+ Kg8 44. Be3 Qb8 45. Ra4 Qe8 46.
Rd4 Qc6 47. Rg4 Qc2 48. h4 Ne7 49. h5 Kf7 50. Bd4 g6 51. h6 Nc6 52. Rf4+ Ke7
53. Bg7 Qd2 54. Ra4 Qc2 55. Bb5 Nd8 56. Ra7+ Ke6 57. Bd7+ Kd6 58. Ba4 Qc8 59.
Bf8+ Ke5 60. Bg7+ Kd6 61. f4 Kc5 62. Be5 Nb7 63. Ra6 Kb4 64. Rc6 Qa8 65. Bc2
Nc5 66. Rb6+ Ka5 67. Rb8 Qc6 68. Bc3+ Ka6 69. Bd4 Qc7 70. Rb2 Nd7 71. Bd3+ Ka5
72. Ne2 Ka4 73. Nc3+ 1-0